LEADER 01411nam 2200493 450 001 996466398003316 005 20230421123208.0 010 $a3-030-67993-4 035 $a(CKB)4100000011945435 035 $a(MiAaPQ)EBC6628950 035 $a(Au-PeEL)EBL6628950 035 $a(OCoLC)1252762916 035 $a(PPN)255883382 035 $a(EXLCZ)994100000011945435 100 $a20220123d2021 uy 0 101 0 $aeng 135 $aurcnu|||||||| 181 $ctxt$2rdacontent 182 $cc$2rdamedia 183 $acr$2rdacarrier 200 10$aIrregularity in graphs /$fAkbar Ali, Gary Chartrand, Ping Zhang 210 1$aCham, Switzerland :$cSpringer,$d[2021] 210 4$d©2021 215 $a1 online resource (113 pages) 225 1 $aSpringerBriefs in mathematics 311 $a3-030-67992-6 320 $aIncludes bibliographical references and index. 410 0$aSpringerBriefs in mathematics. 606 $aGraph theory 606 $aTeoria de grafs$2thub 608 $aLlibres electrònics$2thub 615 0$aGraph theory. 615 7$aTeoria de grafs 676 $a511.5 700 $aShaikh$b Ali Akbar$0781837 702 $aChartrand$b Gary 702 $aZhang$b Ping$f1957- 801 0$bMiAaPQ 801 1$bMiAaPQ 801 2$bMiAaPQ 906 $aBOOK 912 $a996466398003316 996 $aIrregularity in graphs$92583282 997 $aUNISA LEADER 01316nam 2200445 450 001 9910792685103321 005 20200520144314.0 010 $a1-119-32761-X 010 $a1-119-32760-1 035 $a(CKB)3710000000973558 035 $a(Au-PeEL)EBL4770935 035 $a(CaPaEBR)ebr11318637 035 $a(CaONFJC)MIL979353 035 $a(OCoLC)967521498 035 $a(CaSebORM)9781119327592 035 $a(MiAaPQ)EBC4770935 035 $a(EXLCZ)993710000000973558 100 $a20170104h20172017 uy 0 101 0 $aeng 135 $aurcnu|||||||| 181 $2rdacontent 182 $2rdamedia 183 $2rdacarrier 200 10$aMCSA windows 10 study guide $eexam 70-698 /$fWilliam Panek 210 1$aIndianapolis, Indiana :$cSybex,$d2017. 210 4$d©2017 215 $a1 online resource (603 pages) $cillustrations, tables 311 $a1-119-32759-8 320 $aIncludes bibliographical references at the end of each chapters and index. 606 $aWindows (Computer programs) 615 0$aWindows (Computer programs) 676 $a005.43 700 $aPanek$b William$01137558 801 0$bMiAaPQ 801 1$bMiAaPQ 801 2$bMiAaPQ 906 $aBOOK 912 $a9910792685103321 996 $aMCSA windows 10 study guide$93774593 997 $aUNINA